| 000 | 00596nam a2200181Ia 4500 | ||
|---|---|---|---|
| 005 | 20260429112241.0 | ||
| 008 | 260429s9999||||xx |||||||||||||| ||und|| | ||
| 020 | _a9789392083822 | ||
| 041 | _aHindi | ||
| 082 |
_a323.092 _bMUK |
||
| 100 | _aविकास मुखर्जी | ||
| 245 | 0 |
_aमार्टिन लूथर किंग (जूनियर) / _cविकास मुखर्जी |
|
| 250 | _arev. | ||
| 260 |
_aदिल्ली : _bप्रकाशन संस्थान, _c2022. |
||
| 300 | _axii, 111 p.; Hb | ||
| 650 | _aHindi Literature | ||
| 942 | _cTB | ||
| 999 |
_c53121 _d53121 |
||